[Event "TUR-ch (Women)"]
[Site "Corum"]
[Date "2021.06.13"]
[Round "1"]
[White "Kargaci, Humeyra"]
[Black "Onur, Cigdem"]
[Result "0-1"]
[WhiteElo "1747"]
[BlackElo "2012"]
[PlyCount "82"]
[EventDate "2021.06.13"]
[EventType "swiss"]
[EventRounds "7"]
[EventCountry "TUR"]
[SourceTitle "CBM 203 Extra"]
[Source "ChessBase"]
[SourceDate "2021.09.30"]
[SourceVersion "1"]
[SourceVersionDate "2021.09.30"]
[SourceQuality "1"]

1. c4 g6 2. g3 Nf6 3. Bg2 Bg7 4. Nf3 0-0 5. 0-0 c6 6. d4 d6 7. Nc3 Qa5 8. Rb1 Bf5 9. b4 Qa6 10. b5 Qa5 11. Rb3 Rc8 12. Bd2 Qd8 13. bxc6 Nxc6 14. Rxb7 Na5 15. Rb4 Rxc4 16. Rxc4 Nxc4 17. Nh4 d5 18. Nxf5 gxf5 19. Bg5 e6 20. Qa4 Qd7 21. Rb1 Qxa4 22. Nxa4 Ne4 23. Bxe4 fxe4 24. e3 Nd2 25. Rb7 Nf3+ 26. Kg2 Nxg5 27. Nc5 Nf3 28. a4 e5 29. Rd7 exd4 30. Rxd5 dxe3 31. fxe3 Re8 32. a5 Ne1+ 33. Kf2 Nd3+ 34. Nxd3 exd3 35. Rxd3 Re5 36. a6 Ra5 37. Rd6 Bf8 38. Rc6 Bc5 39. h4 Bb6 40. g4 Rxa6 41. h5 Bxe3+ 0-1

[Event "EU-Cup Online Gr-A (Women)"]
[Site "Tornelo INT"]
[Date "2020.12.20"]
[Round "7.4"]
[White "Onur, Cigdem"]
[Black "Paehtz, Elisabeth"]
[Result "0-1"]
[WhiteElo "2012"]
[BlackElo "2467"]
[PlyCount "56"]
[EventDate "2020.12.19"]
[EventType "team-tourn (rapid)"]
[EventRounds "7"]
[EventCountry "ISS"]
[SourceTitle "CBM 199 Extra"]
[Source "ChessBase"]
[SourceDate "2021.01.31"]
[SourceVersion "1"]
[SourceVersionDate "2021.01.31"]
[SourceQuality "1"]
[WhiteTeam "Anatolia White (W)"]
[BlackTeam "Monte Carlo (W)"]
[WhiteTeamCountry "TUR"]
[BlackTeamCountry "MNC"]

1. e4 c5 2. Nf3 d6 3. d4 cxd4 4. Nxd4 Nf6 5. Nc3 a6 6. Bg5 Nbd7 7. f4 g6 8. Qf3 Bg7 9. 0-0-0 Qc7 10. Kb1 0-0 11. Be2 b5 12. h4 b4 13. Nd5 Nxd5 14. exd5 Nf6 15. Bxf6 exf6 16. f5 Re8 17. Bd3 Qb6 18. fxg6 hxg6 19. Nc6 Qe3 20. Qf1 Bg4 21. Re1 Qc5 22. Qf4 f5 23. Qg5 Qxd5 24. Rxe8+ Rxe8 25. Ne7+ Rxe7 26. Qxe7 Qd4 27. c3 Qxd3+ 28. Ka1 bxc3 0-1

[Event "EU-Cup Online Gr-A (Women)"]
[Site "Tornelo INT"]
[Date "2020.12.20"]
[Round "6.1"]
[White "Onur, Cigdem"]
[Black "Petraki, Argiro"]
[Result "1-0"]
[WhiteElo "2012"]
[BlackElo "1776"]
[PlyCount "77"]
[EventDate "2020.12.19"]
[EventType "team-tourn (rapid)"]
[EventRounds "7"]
[EventCountry "ISS"]
[SourceTitle "CBM 199 Extra"]
[Source "ChessBase"]
[SourceDate "2021.01.31"]
[SourceVersion "1"]
[SourceVersionDate "2021.01.31"]
[SourceQuality "1"]
[WhiteTeam "Anatolia White (W)"]
[BlackTeam "Galaxias (W)"]
[WhiteTeamCountry "TUR"]
[BlackTeamCountry "GRE"]

1. e4 c5 2. Nf3 Nc6 3. Bb5 g6 4. 0-0 Bg7 5. c3 Nf6 6. Re1 0-0 7. d4 cxd4 8. cxd4 d6 9. Nc3 Bg4 10. Be3 a6 11. Be2 b5 12. a3 d5 13. e5 Ne8 14. h3 Bxf3 15. Bxf3 Nc7 16. Rc1 Na5 17. b3 Qd7 18. Ne2 Rfc8 19. Nf4 Nb7 20. Bg4 e6 21. Qd2 f6 22. Rxc7 Qxc7 23. Bxe6+ Kh8 24. Nxd5 Qd8 25. Bxc8 Rxc8 26. Nxf6 Bxf6 27. exf6 Qxf6 28. Bg5 Qf8 29. Qe3 Nd8 30. Qe5+ Kg8 31. Qd5+ Nf7 32. Bf6 Qxa3 33. Kh2 Qf8 34. g3 Rc2 35. Kg2 Rd2 36. Re7 Rc2 37. Qe6 Rc8 38. d5 Rd8 39. Rxf7 1-0

[Event "TUR-ch (Women)"]
[Site "Ankara"]
[Date "2020.03.07"]
[Round "8"]
[White "Kara, Gulce Nehir"]
[Black "Onur, Cigdem"]
[Result "0-1"]
[WhiteElo "1907"]
[BlackElo "2030"]
[PlyCount "72"]
[EventDate "2020.03.02"]
[EventType "swiss"]
[EventRounds "9"]
[EventCountry "TUR"]
[SourceTitle "CBM 195 Extra"]
[Source "ChessBase"]
[SourceDate "2020.05.31"]
[SourceVersion "1"]
[SourceVersionDate "2020.05.31"]
[SourceQuality "1"]

1. e4 c5 2. Nf3 e6 3. b3 b6 4. d4 cxd4 5. Nxd4 a6 6. Bb2 Qc7 7. Bd3 Nf6 8. 0-0 Bb7 9. Qe2 d6 10. Nd2 Be7 11. f4 Nbd7 12. c4 0-0 13. Rf3 Nc5 14. Bc2 d5 15. cxd5 exd5 16. e5 Nfe4 17. Nxe4 Nxe4 18. Bxe4 dxe4 19. Rg3 Bc5 20. Kh1 Bxd4 21. Bxd4 Rfd8 22. Qe3 Qd7 23. Rd1 Rac8 24. h3 g6 25. Rg5 h6 26. Rg4 Qf5 27. Rh4 h5 28. g4 Qd7 29. gxh5 Qxd4 30. Rxd4 Rxd4 31. Rg4 Rd1+ 32. Kh2 Rc2+ 33. Rg2 Rxg2+ 34. Kxg2 gxh5 35. f5 Rd3 36. Qe2 Rd2 0-1